000 00770nam a22002537a 4500
003 UA-OsUOA
001 24947
007 ta
008 20040305b un ||||| |||| 00| 0 ukr d
100 _aДьяков С.В.
090 _a343.3
_bД93
942 _cBK
040 _aUA-OsUOA
_brus
_cUA-OsUOA
_dUA-OsUOA
245 _aГосударственные преступления (против основ конституционного строя и безопасности государства) и государственна преступность
300 _a320 с.
955 _a0
041 _arus
080 _a343.3
020 _a5-89123-332-0
260 _aМосква
_bНорма
_c1999
044 _aRU
650 7 _2UDC
999 _c311233
_d311233